000
00326nam a2200133 4500
999
_c
10624
_d
10624
003
OSt
005
20220429163855.0
008
220429b ||||| |||| 00| 0 eng d
082
_a
728.0973
100
_a
Wagner, Walter F.
245
_a
Houses architects design for themselves
260
_b
Architectural Record
942
_2
ddc